01247cam a2200289 a 4500001001300000003000400013005001700017008004100034010001700075035002600092040002900118043001200147050000800159066000700167100004600174245007600220260005700296300002900353505031200382650002500694650002600719650003200745880004100777880006900818880005300887999001700940j 58006602 DLC20260227111518.0990528s1934 ja a 000 0 jpn  aj 58006602  a(CStRLIN)DCLP99-B6446 aDLC-RcDLC-RdDLC-RdDLC aa-ja---00aLaw c$11 6880-01aKatsumoto, Masaakira,d1895-1993.106880-02aHōritsu yori mitaru Nihon bungaku /cKatsumoto Masaakira cho. 6880-03aTōkyō :bGanshōdō,cShōwa 9 [1934] a278 p. :bill. ;c20 cm.0 aHōritsu yori mitaru Nihon bungaku -- Shōzō o nusumu -- Bijutsu oyobi bijutsuka no hōritsuteki hogo -- Tetsu no shojo -- Mimoto hoshō ni kansuru hōritsu no tekiyō -- Hōritsu kara mita shō no ichimen -- Seigi no kakaku -- Rōma Daigaku no ichinichi -- Heika kirisage to saiken saimu kankei. 0aLawzJapanxHistory. 0aLawzEuropexHistory. 0aLaw in literaturexHistory.1 6100-01/$1a勝本正晃,d1895-1993.106245-02/$1a法律より見たる日本文學 /c勝本正晃著. 6260-03/$1a東京 :b巖松堂,c昭和 9 [1934] c34877d34877